[Event "St Petersburg Korchnoi Memorial op"]
[Site "St Petersburg"]
[Date "2023.08.22"]
[Round "7"]
[White "Chetverik, Maxim"]
[Black "Shakuro, Petr E"]
[Result "0-1"]
[WhiteElo "1991"]
[BlackElo "1000"]
[PlyCount "82"]
[EventDate "2023.08.18"]
[EventType "swiss"]
[EventRounds "9"]
[EventCountry "RUS"]
[SourceTitle "EXT 2024"]
[Source "ChessBase"]
[SourceDate "2023.10.10"]
[SourceVersion "1"]
[SourceVersionDate "2023.10.10"]
[SourceQuality "1"]

1. d4 d5 2. c4 e6 3. Nf3 Nf6 4. g3 dxc4 5. Bg2 Nc6 6. Qa4 Bb4+ 7. Bd2 Nd5 8. Qb5 Bxd2+ 9. Nbxd2 c3 10. bxc3 Nxc3 11. Qc4 Nd5 12. 0-0 0-0 13. Rfc1 Nde7 14. Nb3 Rb8 15. e3 b6 16. e4 Bb7 17. h4 Rc8 18. Re1 Nb8 19. Rad1 Nd7 20. Qa4 a6 21. Qa3 Nf6 22. Ne5 Ng6 23. Qc1 Nxe5 24. dxe5 Nd7 25. f4 Qe7 26. Re2 c5 27. Red2 Rc7 28. Qa3 Re8 29. Rd6 c4 30. Nd4 b5 31. f5 Nxe5 32. fxe6 fxe6 33. Rxe6 Qxa3 34. Rxe8+ Kf7 35. Rxe5 Re7 36. Rf1+ Ke8 37. Ne6 Kd7 38. Rd1+ Kc6 39. Nd4+ Kb6 40. Nc2 Qd3 41. Rxd3 cxd3 0-1

[Event "Chigorin Memorial 29th"]
[Site "St Petersburg"]
[Date "2022.10.23"]
[Round "2"]
[White "Shuvalova, Polina"]
[Black "Chetverik, Maxim"]
[Result "1-0"]
[WhiteElo "2492"]
[BlackElo "2070"]
[PlyCount "88"]
[EventDate "2022.10.22"]
[EventType "swiss"]
[EventRounds "9"]
[EventCountry "RUS"]
[SourceTitle "EXT 2024"]
[Source "ChessBase"]
[SourceDate "2023.10.10"]
[SourceVersion "1"]
[SourceVersionDate "2023.10.10"]
[SourceQuality "1"]

1. e4 Nf6 2. e5 Nd5 3. d4 d6 4. c4 Nb6 5. exd6 cxd6 6. Nc3 g6 7. Be2 Bg7 8. h3 0-0 9. Nf3 Nc6 10. 0-0 Bf5 11. d5 Na5 12. Nd4 Naxc4 13. a4 a5 14. Nxf5 gxf5 15. Re1 Ne5 16. Bb5 Ng6 17. Qf3 Rc8 18. Qxf5 Rxc3 19. bxc3 Bxc3 20. Bh6 Bxa1 21. Rxa1 Qc8 22. Qd3 Nd7 23. Bxd7 Qxd7 24. Qc3 f6 25. Bxf8 Kxf8 26. Qxa5 Nf4 27. Qd2 Qf5 28. Rd1 Qe4 29. f3 Qxa4 30. Kh2 Ng6 31. Rb1 Qf4+ 32. Qxf4 Nxf4 33. Rd1 b5 34. Rd2 f5 35. g3 Nh5 36. Rb2 f4 37. g4 Ng3 38. Kg2 Kg7 39. Kf2 Kf6 40. Rxb5 Nh1+ 41. Ke1 Ng3 42. Rb8 h5 43. Rf8+ Ke5 44. g5 Kxd5 1-0

[Event "Voronezh Petrovsky op"]
[Site "Voronezh"]
[Date "2022.06.14"]
[Round "6"]
[White "Chetverik, Maxim"]
[Black "Rozmetov, Aybek"]
[Result "1-0"]
[WhiteElo "2128"]
[BlackElo "1962"]
[PlyCount "74"]
[EventDate "2022.06.10"]
[EventType "swiss"]
[EventRounds "9"]
[EventCountry "RUS"]
[SourceTitle "EXT 2023"]
[Source "ChessBase"]
[SourceDate "2022.10.05"]
[SourceVersion "1"]
[SourceVersionDate "2022.10.05"]
[SourceQuality "1"]

1. d4 Nf6 2. c4 c5 3. d5 e6 4. Nf3 b5 5. Bg5 h6 6. Bxf6 Qxf6 7. Qc2 exd5 8. cxd5 d6 9. e4 a6 10. a4 b4 11. Bd3 g6 12. Nbd2 Bg7 13. Nc4 Nd7 14. 0-0 0-0 15. a5 g5 16. Rab1 Bb7 17. Ne3 Ne5 18. Nxe5 Qxe5 19. Kh1 Rfe8 20. Nc4 Qe7 21. f4 Bd4 22. Qd1 Kg7 23. Qh5 Rh8 24. e5 dxe5 25. fxe5 Bxd5 26. Rbe1 Ra7 27. Nd6 Be6 28. Nf5+ Bxf5 29. Rxf5 Qe8 30. Bc4 Rh7 31. Ref1 Kf8 32. Qg6 Rg7 33. Qxh6 Kg8 34. e6 Rh7 35. exf7+ Raxf7 36. Bxf7+ Qxf7 37. Rxg5+ Kh8 1-0

[Event "Moscow op-A 17th"]
[Site "Moscow"]
[Date "2021.02.21"]
[Round "2"]
[White "Afanasiev, Nikita"]
[Black "Chetverik, Maxim"]
[Result "1-0"]
[WhiteElo "2519"]
[BlackElo "2159"]
[PlyCount "69"]
[EventDate "2021.02.20"]
[EventType "swiss"]
[EventRounds "9"]
[EventCountry "RUS"]
[SourceTitle "CBM 200 Extra"]
[Source "ChessBase"]
[SourceDate "2021.03.31"]
[SourceVersion "1"]
[SourceVersionDate "2021.03.31"]
[SourceQuality "1"]

1. b3 a5 2. Bb2 a4 3. b4 e6 4. a3 d5 5. e3 Nf6 6. c4 c5 7. cxd5 exd5 8. Nf3 Bd7 9. Bxf6 gxf6 10. bxc5 Bxc5 11. Nc3 Bc6 12. Bb5 Bxb5 13. Nxb5 Qd7 14. Nc3 Rg8 15. g3 Ra5 16. Qb1 Rg7 17. d4 Be7 18. 0-0 Nc6 19. Nh4 h5 20. Qf5 Rg5 21. Qxd7+ Kxd7 22. Rfb1 Kc8 23. Ng2 Bd6 24. Rb5 Rxb5 25. Nxb5 Bb8 26. Nc3 Na5 27. Nxa4 Nc4 28. Nc3 Bd6 29. a4 Kd7 30. Rb1 Kc6 31. Rb5 Nb6 32. Rb1 Rg8 33. Rc1 Nc4 34. e4 Ba3 35. Rc2 1-0

[Event "Moscow op-A 17th"]
[Site "Moscow"]
[Date "2021.02.20"]
[Round "1"]
[White "Chetverik, Maxim"]
[Black "Bardyk, Artem"]
[Result "1-0"]
[WhiteElo "2159"]
[BlackElo "1742"]
[PlyCount "149"]
[EventDate "2021.02.20"]
[EventType "swiss"]
[EventRounds "9"]
[EventCountry "RUS"]
[SourceTitle "CBM 200 Extra"]
[Source "ChessBase"]
[SourceDate "2021.03.31"]
[SourceVersion "1"]
[SourceVersionDate "2021.03.31"]
[SourceQuality "1"]

1. d4 d5 2. c4 c6 3. cxd5 cxd5 4. Bf4 Nf6 5. Nc3 Nc6 6. e3 a6 7. Bd3 Bg4 8. Nge2 e6 9. 0-0 Bd6 10. f3 Bh5 11. Rc1 Bg6 12. Bg5 0-0 13. Bxg6 hxg6 14. f4 Na5 15. b3 Ba3 16. Rc2 Be7 17. Bxf6 Bxf6 18. Nc1 Rc8 19. Nd3 Qc7 20. Rff2 Qb8 21. Qe1 Nc6 22. Kh1 Be7 23. Na4 Rc7 24. Qc1 Qa7 25. g3 Rfc8 26. h4 Bd6 27. Qb2 Ne7 28. g4 Kf8 29. Kg2 Ng8 30. Rxc7 Rxc7 31. Rc2 b6 32. Qc1 Rxc2+ 33. Qxc2 Qb7 34. Kf3 Nf6 35. Ne5 Bxe5 36. fxe5 Ne4 37. g5 Ke7 38. Nc3 Qc6 39. Nxd5+ Qxd5 40. Qxe4 Qb5 41. Qb7+ Ke8 42. Qc8+ Ke7 43. Qc7+ Ke8 44. Qc4 Qd7 45. Qxa6 Qc6+ 46. Kg3 Qc1 47. Qa8+ Ke7 48. Qb7+ Ke8 49. Qf3 Qg1+ 50. Kh3 Qb1 51. Qf2 Ke7 52. Kh2 Ke8 53. Qe2 Kd8 54. e4 Qc1 55. Qf2 Qc3 56. Qxf7 Qd2+ 57. Kg3 Qd3+ 58. Qf3 Qxd4 59. Qf8+ Kd7 60. Qd6+ Qxd6 61. exd6 Kxd6 62. Kf4 e5+ 63. Ke3 Kc5 64. a3 Kb5 65. Kd3 Kc5 66. Kc3 Kb5 67. a4+ Kc5 68. b4+ Kc6 69. Kc4 Kd6 70. a5 bxa5 71. bxa5 Ke7 72. a6 Kf7 73. a7 Kg8 74. a8Q+ Kh7 75. Qd5 1-0

[Event "Rochefort op-A 19th"]
[Site "Rochefort"]
[Date "2020.02.22"]
[Round "9"]
[White "Lucas, Arthur"]
[Black "Chetverik, Maxim"]
[Result "1-0"]
[WhiteElo "2290"]
[BlackElo "2182"]
[PlyCount "65"]
[EventDate "2020.02.22"]
[EventType "swiss"]
[EventRounds "9"]
[EventCountry "FRA"]
[SourceTitle "CBM 195 Extra"]
[Source "ChessBase"]
[SourceDate "2020.05.31"]
[SourceVersion "1"]
[SourceVersionDate "2020.05.31"]
[SourceQuality "1"]

1. e4 Nf6 2. e5 Nd5 3. d4 d6 4. c4 Nb6 5. exd6 cxd6 6. Nc3 g6 7. Be3 Bg7 8. Rc1 0-0 9. b3 N6d7 10. Nf3 Nf6 11. Be2 d5 12. 0-0 Nc6 13. h3 Bf5 14. Re1 Rc8 15. Bf1 h5 16. Ne5 Be6 17. f4 Qa5 18. Bf2 Rfd8 19. Nxg6 dxc4 20. bxc4 fxg6 21. Rxe6 Qf5 22. d5 Nxd5 23. cxd5 Bxc3 24. Rxc3 Qxe6 25. Rd3 Qf7 26. dxc6 Rxd3 27. Qxd3 bxc6 28. Qe4 e6 29. Bc4 Re8 30. Bd4 Kh7 31. Qe5 c5 32. Qxc5 Qxf4 33. Qxa7+ 1-0

[Event "Rilton Cup 49th"]
[Site "Stockholm"]
[Date "2020.01.03"]
[Round "7"]
[White "Furhoff, Johan"]
[Black "Chetverik, Maxim"]
[Result "1-0"]
[WhiteElo "2327"]
[BlackElo "2198"]
[PlyCount "77"]
[EventDate "2019.12.27"]
[EventType "swiss"]
[EventRounds "9"]
[EventCountry "SWE"]
[SourceTitle "CBM 194 Extra"]
[Source "ChessBase"]
[SourceDate "2020.03.31"]
[SourceVersion "1"]
[SourceVersionDate "2020.03.31"]
[SourceQuality "1"]

1. e4 Nf6 2. e5 Nd5 3. d4 d6 4. c4 Nb6 5. exd6 cxd6 6. Nc3 g6 7. Be3 Bg7 8. Rc1 0-0 9. b3 N6d7 10. Nf3 Nf6 11. h3 d5 12. Be2 Nc6 13. 0-0 Bf5 14. Re1 Qa5 15. g4 Be6 16. Ng5 Bc8 17. cxd5 Nxd5 18. Nxd5 Qxd5 19. Bf3 Qd8 20. d5 Ne5 21. Bg2 h6 22. Nf3 Nxf3+ 23. Bxf3 a5 24. Bc5 Re8 25. Qe2 e5 26. dxe6 Rxe6 27. Qb5 Qg5 28. Rcd1 Be5 29. Qc4 h5 30. Be3 Qh4 31. gxh5 Qxh3 32. Rd8+ Kh7 33. Bg2 Qh2+ 34. Kf1 b5 35. hxg6+ Kg7 36. gxf7 Kxf7 37. Qd5 Rb8 38. Rxc8 Rxc8 39. Qd7+ 1-0

[Event "Rilton Cup 49th"]
[Site "Stockholm"]
[Date "2019.12.31"]
[Round "5"]
[White "Foisor, Sabina Francesca"]
[Black "Chetverik, Maxim"]
[Result "1/2-1/2"]
[WhiteElo "2274"]
[BlackElo "2198"]
[PlyCount "88"]
[EventDate "2019.12.27"]
[EventType "swiss"]
[EventRounds "9"]
[EventCountry "SWE"]
[SourceTitle "CBM 194 Extra"]
[Source "ChessBase"]
[SourceDate "2020.03.31"]
[SourceVersion "1"]
[SourceVersionDate "2020.03.31"]
[SourceQuality "1"]

1. d4 f5 2. c4 Nf6 3. g3 e6 4. Bg2 Be7 5. Nf3 Ne4 6. 0-0 0-0 7. b3 Bf6 8. Bb2 a5 9. Nbd2 d5 10. Qc2 Nc6 11. Rad1 Bd7 12. Ne5 a4 13. Nxe4 fxe4 14. f3 exf3 15. Bxf3 Ne7 16. e4 axb3 17. axb3 c6 18. Bg4 Bxe5 19. Rxf8+ Qxf8 20. dxe5 Qe8 21. Bf3 Qf7 22. Bg2 h5 23. Qe2 Ra2 24. Ra1 Rxa1+ 25. Bxa1 Qg6 26. Bd4 Qg5 27. exd5 cxd5 28. cxd5 Qc1+ 29. Kf2 exd5 30. e6 Bb5 31. Qxb5 Qd2+ 32. Kf3 Qd1+ 33. Ke3 Nf5+ 34. Kf2 Qxd4+ 35. Ke1 Qc3+ 36. Kf2 Qe3+ 37. Kf1 Qc1+ 38. Kf2 Qe3+ 39. Kf1 Qxe6 40. Qxb7 Ne3+ 41. Kg1 Nxg2 42. Kxg2 Qe2+ 43. Kg1 Qe1+ 44. Kg2 Qe2+ 1/2-1/2

[Event "Geraardsbergen op 35th"]
[Site "Geraardsbergen"]
[Date "2019.08.17"]
[Round "7"]
[White "Chetverik, Maxim"]
[Black "Ringoir, Tanguy"]
[Result "1/2-1/2"]
[WhiteElo "2199"]
[BlackElo "2503"]
[PlyCount "79"]
[EventDate "2019.08.14"]
[EventType "swiss"]
[EventRounds "9"]
[EventCountry "BEL"]
[SourceTitle "CBM 191 Extra"]
[Source "ChessBase"]
[SourceDate "2019.09.30"]
[SourceVersion "1"]
[SourceVersionDate "2019.09.30"]
[SourceQuality "1"]

1. d4 Nf6 2. c4 e6 3. Nf3 d5 4. g3 Be7 5. Bg2 0-0 6. 0-0 dxc4 7. Qc2 a6 8. a4 Bd7 9. Qxc4 Bc6 10. Bg5 Bd5 11. Qc2 Be4 12. Qc1 h6 13. Bxf6 Bxf6 14. Rd1 a5 15. Nc3 Bxf3 16. Bxf3 c6 17. Ne4 Be7 18. b3 Na6 19. Qc4 Qb6 20. e3 Rfd8 21. Rac1 Ba3 22. Ra1 Bf8 23. Rac1 Rd7 24. Kg2 Rad8 25. h4 Qc7 26. Nc3 Nb4 27. Nb5 Qb8 28. Nc3 Nd5 29. Nxd5 exd5 30. Qd3 Re8 31. h5 Rd6 32. Rh1 Qd8 33. Bd1 g5 34. Bg4 Rf6 35. Bf5 Bb4 36. g4 Kf8 37. Rc2 Ke7 38. Rhc1 Kf8 39. Rh1 Ke7 40. Rhc1 1/2-1/2

[Event "Geraardsbergen op 35th"]
[Site "Geraardsbergen"]
[Date "2019.08.14"]
[Round "2"]
[White "Chetverik, Maxim"]
[Black "Debrouwere, Jeroen"]
[Result "1-0"]
[WhiteElo "2199"]
[BlackElo "1907"]
[PlyCount "61"]
[EventDate "2019.08.14"]
[EventType "swiss"]
[EventRounds "9"]
[EventCountry "BEL"]
[SourceTitle "CBM 191 Extra"]
[Source "ChessBase"]
[SourceDate "2019.09.30"]
[SourceVersion "1"]
[SourceVersionDate "2019.09.30"]
[SourceQuality "1"]

1. d4 Nf6 2. c4 e6 3. Nf3 d5 4. g3 Be7 5. Bg2 0-0 6. 0-0 Nc6 7. b3 a5 8. Bb2 b5 9. cxb5 Na7 10. a4 c6 11. bxc6 Nxc6 12. Ne5 Nb4 13. Nc3 Ba6 14. Rc1 Qb6 15. g4 Ra7 16. f4 Bd6 17. h3 Ne8 18. Qd2 Bxe5 19. fxe5 Nc6 20. Nb5 Bxb5 21. axb5 Qxb5 22. Rc5 Qb6 23. Rfc1 Nb4 24. Ba3 Nc7 25. Bxb4 axb4 26. e4 Rd8 27. Qg5 Rb8 28. exd5 exd5 29. Bxd5 Ne6 30. Bxe6 Rf8 31. Qd2 1-0

[Event "Litomysl op 20th"]
[Site "Litomysl"]
[Date "2018.12.27"]
[Round "3"]
[White "Simacek, Pavel"]
[Black "Chetverik, Maxim"]
[Result "1-0"]
[WhiteElo "2478"]
[BlackElo "2209"]
[PlyCount "55"]
[EventDate "2018.12.26"]
[EventType "swiss"]
[EventRounds "9"]
[EventCountry "CZE"]
[SourceTitle "CBM 188 Extra"]
[Source "ChessBase"]
[SourceDate "2019.02.26"]
[SourceVersion "1"]
[SourceVersionDate "2019.02.26"]
[SourceQuality "1"]

1. e4 Nf6 2. e5 Nd5 3. d4 d6 4. c4 Nb6 5. exd6 cxd6 6. Nc3 g6 7. Be3 Bg7 8. Rc1 0-0 9. b3 N6d7 10. h3 Nf6 11. d5 e6 12. Nf3 exd5 13. cxd5 Qa5 14. Qd2 a6 15. Be2 b5 16. 0-0 Bb7 17. Bd4 Nbd7 18. b4 Qxb4 19. a4 Nc5 20. axb5 Nb3 21. Qb2 a5 22. Na2 Qa4 23. Rc4 Qxb5 24. Rc3 Qxd5 25. Rxb3 Bc6 26. Rb6 Nh5 27. Bxg7 Nxg7 28. Rd1 1-0

[Event "Liffre op"]
[Site "Liffre"]
[Date "2017.10.23"]
[Round "4"]
[White "Neelotpal, Das"]
[Black "Chetverik, Maxim"]
[Result "1-0"]
[WhiteElo "2446"]
[BlackElo "2256"]
[PlyCount "71"]
[EventDate "2017.10.21"]
[EventType "swiss"]
[EventRounds "9"]
[EventCountry "FRA"]
[SourceTitle "CBM 181 Extra"]
[Source "ChessBase"]
[SourceDate "2017.12.12"]
[SourceVersion "1"]
[SourceVersionDate "2017.12.12"]
[SourceQuality "1"]

1. Nf3 f5 2. b3 Nf6 3. Bb2 e6 4. g3 b6 5. Bg2 Bb7 6. 0-0 Be7 7. c4 0-0 8. Qc2 Qe8 9. Nc3 Qh5 10. Rad1 Ng4 11. h3 Nf6 12. d4 g5 13. d5 g4 14. Nh2 gxh3 15. Bf3 Ng4 16. d6 Bxf3 17. dxe7 Re8 18. exf3 Nxh2 19. Kxh2 Qxf3 20. Rg1 Rxe7 21. g4 fxg4 22. Rg3 Qf5 23. Ne4 h5 24. f3 Kf8 25. fxg4 hxg4 26. Rd2 Rf7 27. Rf2 Qg6 28. Qe2 Rxf2+ 29. Nxf2 Nc6 30. Nxg4 Ke7 31. Ne5 Nxe5 32. Rxg6 Nxg6 33. Qh5 Nf8 34. Qf3 Rb8 35. Bf6+ Kd6 36. Bg7 1-0

[Event "Olomouc IM-A 20th"]
[Site "Olomouc"]
[Date "2017.08.17"]
[Round "7"]
[White "Bhakti, Kulkarni"]
[Black "Chetverik, Maxim"]
[Result "1-0"]
[WhiteElo "2291"]
[BlackElo "2250"]
[PlyCount "105"]
[EventDate "2017.08.12"]
[EventType "tourn"]
[EventRounds "9"]
[EventCountry "CZE"]
[EventCategory "2"]
[SourceTitle "CBM 180 Extra"]
[Source "ChessBase"]
[SourceDate "2017.10.06"]
[SourceVersion "1"]
[SourceVersionDate "2017.10.06"]
[SourceQuality "1"]

1. d4 f5 2. Bg5 g6 3. e3 Nh6 4. Nf3 Nf7 5. Bh4 Bg7 6. c4 b6 7. Nc3 Bb7 8. Nd5 Bf6 9. Nxf6+ exf6 10. d5 0-0 11. Be2 Na6 12. h3 Qe7 13. g4 fxg4 14. hxg4 Rae8 15. Qd4 Ne5 16. Nd2 Nc5 17. 0-0-0 g5 18. Bg3 a5 19. Rde1 d6 20. f4 Ng6 21. Bf3 Bc8 22. Rh5 Rf7 23. b3 Bd7 24. a4 Bc8 25. Kb2 Bd7 26. Ka3 Bc8 27. Bf2 Bd7 28. Reh1 Bc8 29. Rh6 Rg7 30. Nf1 f5 31. gxf5 Bxf5 32. Ng3 Bc2 33. Nh5 Ne5 34. fxe5 dxe5 35. d6 exd4 36. dxe7 Rexe7 37. Nxg7 dxe3 38. Bd5+ Kxg7 39. Be1 e2 40. Bc3+ Kf8 41. Rf6+ Ke8 42. Bc6+ Nd7 43. Re1 Bd1 44. Rf5 g4 45. Rg5 Kf7 46. Rg7+ Ke6 47. Bxd7+ Rxd7 48. Rxg4 Kf5 49. Rh4 c5 50. Reh1 Bc2 51. Rxh7 Rd1 52. Re1 Bd3 53. Rhh1 1-0

[Event "Olomouc IM-A 20th"]
[Site "Olomouc"]
[Date "2017.08.16"]
[Round "6"]
[White "Chetverik, Maxim"]
[Black "Szotkowski, Jakub"]
[Result "1/2-1/2"]
[WhiteElo "2250"]
[BlackElo "2374"]
[PlyCount "69"]
[EventDate "2017.08.12"]
[EventType "tourn"]
[EventRounds "9"]
[EventCountry "CZE"]
[EventCategory "2"]
[SourceTitle "CBM 180 Extra"]
[Source "ChessBase"]
[SourceDate "2017.10.06"]
[SourceVersion "1"]
[SourceVersionDate "2017.10.06"]
[SourceQuality "1"]

1. d4 Nf6 2. c4 e6 3. Nf3 b6 4. g3 Bb7 5. Bg2 g6 6. Be3 Bg7 7. Qc1 0-0 8. Bh6 Nc6 9. Bxg7 Kxg7 10. 0-0 Ne7 11. Nc3 c5 12. dxc5 bxc5 13. Rd1 Bc6 14. b3 Qc7 15. Qa3 d6 16. Rd2 Nf5 17. Rad1 a6 18. Qb2 e5 19. Ne1 h5 20. Bxc6 Qxc6 21. Nd5 Ne4 22. Rd3 f6 23. e3 Ng5 24. h4 Ne6 25. R3d2 Ra7 26. Qc2 Kh8 27. Nc3 Nc7 28. Qe4 Qd7 29. Kh2 Ne8 30. Nf3 Qh7 31. Kg2 Rg8 32. Qc6 Qb7 33. Qxb7 Rxb7 34. Ne4 Kg7 35. Ne1 1/2-1/2

[Event "Olomouc IM-A 20th"]
[Site "Olomouc"]
[Date "2017.08.15"]
[Round "5"]
[White "Klima, Lukas"]
[Black "Chetverik, Maxim"]
[Result "0-1"]
[WhiteElo "2332"]
[BlackElo "2250"]
[PlyCount "94"]
[EventDate "2017.08.12"]
[EventType "tourn"]
[EventRounds "9"]
[EventCountry "CZE"]
[EventCategory "2"]
[SourceTitle "CBM 180 Extra"]
[Source "ChessBase"]
[SourceDate "2017.10.06"]
[SourceVersion "1"]
[SourceVersionDate "2017.10.06"]
[SourceQuality "1"]

1. e4 Nf6 2. e5 Nd5 3. Nc3 Nxc3 4. bxc3 d5 5. d4 c5 6. Nf3 Bg4 7. Be2 e6 8. Rb1 Qc7 9. c4 dxc4 10. d5 exd5 11. Qxd5 Nc6 12. Qxc4 Be6 13. Qa4 Be7 14. Ng5 Bxg5 15. Bxg5 0-0 16. Bf4 Rfd8 17. c3 Nd4 18. Bd1 Bf5 19. Rc1 b5 20. Qa3 Ne6 21. Be3 Bd3 22. f4 a5 23. Kf2 g5 24. g3 Be4 25. Re1 gxf4 26. Bxf4 Bb7 27. c4 b4 28. Qe3 Qc6 29. Rg1 Rd4 30. Bg5 Nxg5 31. Qxg5+ Qg6 32. Qxg6+ hxg6 33. Bf3 Bxf3 34. Kxf3 Rd2 35. Rge1 Rxa2 36. Rcd1 Rc2 37. e6 fxe6 38. Rxe6 Rxc4 39. Rxg6+ Kh7 40. Rdd6 Rf8+ 41. Ke3 Re8+ 42. Kd2 Rd4+ 43. Rxd4 Kxg6 44. Rd6+ Kf5 45. Ra6 Ke4 46. Rxa5 Kd4 47. Ra1 c4 0-1